Městská doprava II : Základy teorie a praxe

Salvato in:
Dettagli Bibliografici
Autore principale: Lacek, Mikuláš (Autore)
Natura: Libro
Lingua:ceco
Pubblicazione: Praha : NADAS, 1984
Edizione:1. vyd.
Tags: Aggiungi Tag
Nessun Tag, puoi essere il primo ad aggiungerne!!

MARC

LEADER 00000nam a22000003a 4500
001 stu139127
005 20150617225922.1
008 070321s1984----xr------------------cze-d
040 |a STU  |b slo 
041 0 |a cze 
044 |a xr 
080 |a 626(1-21) 
100 1 |a Lacek, Mikuláš  |4 aut 
245 1 |a Městská doprava II :  |b Základy teorie a praxe 
250 |a 1. vyd. 
260 |a Praha :  |b NADAS,  |c 1984 
300 |a 253 s 
996 |c V*29812/O-11916  |l VV2  |s P  |a 0  |w stu139127_0001 
996 |c V*29813/O-11916a  |l VV2  |s P  |a 0  |w stu139127_0002